Stanovenie liečív a ich metabolitov v odpadových vodách

Saved in:
Bibliographic Details
Main Author: Vnuková, Lucia (Author)
Other Authors: Szarka, Agneša (Thesis advisor)
Format: Manuscript Book
Language:Slovak
Published: 2024
Subjects:
Online Access:http://is.stuba.sk/zp/portal_zp.pl?podrobnosti=176597
Tags: Add Tag
No Tags, Be the first to tag this record!

MARC

LEADER 00000ntm a22000003a 4500
001 stuzp99368
003 SK-STU
005 20240601210700.2
007 ta
008 150427s2015----xo-----f-mn---000-0-slo-d
040 |a STU  |b slo 
041 0 |a slo 
100 1 |a Vnuková, Lucia  |u 041000  |4 aut  |U FCHPT Fakulta chemickej a potravinárskej technológie  |T FCHPT Ústav analytickej chémie  |X 105659  |U C1000  |Y 99  |7 105659 
242 0 1 |a Determination of pharmaceuticals and its metabolites in wastewater samples  |y eng 
245 1 0 |a Stanovenie liečív a ich metabolitov v odpadových vodách 
260 |c 2024 
650 4 |a elektrokoagulácia  |2 slo 
650 4 |a farmaceutiká  |2 slo 
650 4 |a LC-MS/MS  |2 slo 
650 4 |a vodné vzorky  |2 slo 
650 4 |a water samples  |2 eng 
650 4 |a electrocoagulation  |2 eng 
650 4 |a pharmaceuticals  |2 eng 
650 4 |a LC-MS/MS  |2 eng 
700 1 |a Szarka, Agneša  |u 041000  |k Z2  |4 ths  |U FCHPT Fakulta chemickej a potravinárskej technológie  |T FCHPT Ústav analytickej chémie  |X 40268  |U C1000  |Y 99  |7 A000040268 
856 4 |u http://is.stuba.sk/zp/portal_zp.pl?podrobnosti=176597